Partidos de la provincia de Buenos Aires - Estadísticas

Estadísticas generales
  • Esta prueba ha sido intentada 1.035 veces
  • La puntuación promedio es 53 de 135
Respuestas en el mapa
Las respuestas están codificadas por una escala verde-roja en el mapa de la prueba según el % correcto abajo.
 
Estadísticas de respuestas
Respuesta % Correcto
La Plata
88%
Bahía Blanca
81%
Avellaneda
80%
Tigre
80%
La Matanza
78%
Quilmes
75%
Lanús
70%
Pinamar
67%
San Isidro
67%
Lomas de Zamora
66%
Pila
65%
Vicente López
63%
Morón
62%
Azul
61%
Berazategui
61%
Tres de Febrero
61%
Tandil
60%
Florencio Varela
59%
Ezeiza
57%
Zárate
57%
Junín
56%
Luján
56%
Moreno
56%
Merlo
55%
Necochea
55%
San Fernando
55%
Olavarría
54%
Pilar
54%
Campana
53%
Ensenada
53%
La Costa
53%
General Pueyrredón
52%
Berisso
51%
Cañuelas
51%
Patagones
51%
Monte
50%
Almirante Brown
49%
Tres Arroyos
49%
San Nicolás
48%
Escobar
47%
General San Martín
47%
Chascomús
45%
Ituzaingó
45%
José C Paz
45%
Presidente Perón
45%
San Miguel
45%
Villa Gesell
45%
Hurlingham
44%
Malvinas Argentinas
44%
Esteban Echeverría
43%
Lobos
43%
Nueve de Julio
43%
San Vicente
42%
General Rodríguez
41%
Mercedes
41%
San Pedro
41%
Monte Hermoso
40%
Pergamino
39%
Trenque Lauquen
39%
Veinticinco de Mayo
39%
Dolores
38%
Balcarce
37%
Chivilcoy
37%
General Belgrano
36%
Las Flores
36%
Pehuajó
36%
Chacabuco
35%
General Villegas
35%
Marcos Paz
35%
Bolívar
34%
Brandsen
34%
Lincoln
34%
Lobería
34%
Bragado
33%
San Antonio de Areco
33%
Baradero
32%
Carmen de Areco
32%
Coronel Pringles
32%
Magdalena
32%
Castelli
30%
Coronel Dorrego
30%
Punta Indio
30%
Tornquist
30%
Carlos Casares
29%
General Alvear
29%
Puán
29%
Villarino
29%
Benito Juárez
28%
Capitán Sarmiento
28%
Coronel Suárez
28%
Daireaux
28%
General Alvarado
28%
General Madariaga
28%
Ramallo
28%
Adolfo Alsina
27%
Arrecifes
27%
Ayacucho
27%
General Paz
27%
Mar Chiquita
27%
Navarro
27%
Alberti
26%
Carlos Tejedor
26%
Exaltación de la Cruz
26%
Lezama
26%
Rivadavia
26%
Saladillo
26%
San Cayetano
26%
Colón
25%
Coronel Rosales
25%
General Guido
25%
General La Madrid
25%
General Lavalle
25%
Maipú
25%
Rauch
25%
Rojas
25%
Laprida
24%
Pellegrini
24%
General Las Heras
23%
San Andrés de Giles
23%
Florentino Ameghino
22%
Hipólito Yrigoyen
22%
Adolfo González Chaves
21%
Saavedra
21%
Salto
21%
Suipacha
21%
Tapalqué
21%
Guaminí
20%
Leandro N Alem
20%
Tres Lomas
20%
Saliqueló
19%
Tordillo
19%
General Pinto
18%
General Viamonte
18%
Roque Pérez
18%
General Arenales
17%
No se encontraron pruebas coincidentes
Distribución de puntuación
Porcentaje de gente con cada puntuación
Porcentaje por número respondido
Historial de tus puntuaciones
No has intentado esta prueba.